Top Characters - The Hunger Games : Mockingjay - Statistics

General Stats
  • This quiz has been taken 32 times
  • The average score is 15 of 20
Answer Stats
# of Mentions Name of Character % Correct
432 Peeta Mellark
100%
132 Katniss Everdeen
97%
172 Finnick Odair
90%
94 Primrose Everdeen
90%
64 Johanna Mason
87%
30 President Snow
87%
367 Gale Hawthorne
83%
39 Annie Cresta
80%
179 Haymitch Abernathy
80%
120 President Coin
80%
134 Boggs
77%
97 Cressida
77%
20 Castor
67%
187 Plutarch Heavensbee
67%
56 Pollux
67%
11 Effie Trinket
57%
40 Jackson
57%
100 Beetee
53%
9 Enobaria
40%
32 Caesar Flickerman
27%
No matching quizzes found
Score Distribution
Percent of People with Each Score
Percentile by Number Answered
Your Score History
You have not taken this quiz